Математика в примерах и задачах: учебное пособие

書目詳細資料
其他作者: Журбенко Л. Н. Лариса Никитична, Нуриева С. Н. Серафима Наилевна, Дегтярева О. М. Ольга Михайловна, Никонова Г. А. Галина Анатольевна
總結:Учебное пособие для студентов технических высших учебных заведений, обучающихся по программе бакалавров в соответствии с государственными образовательными стандартами высшего профессионального образования.
語言:俄语
出版: Москва, Инфра-М, 2009
叢編:Высшее образование
主題:
格式: 圖書
KOHA link:https://koha.lib.tpu.ru/cgi-bin/koha/opac-detail.pl?biblionumber=159544

MARC

LEADER 00000nam0a2200000 4500
001 159544
005 20231101222123.0
010 |a 9785160034492 
035 |a (RuTPU)RU\TPU\book\173050 
090 |a 159544 
100 |a 20090512d2009 m y0rusy50 ca 
101 0 |a rus 
102 |a RU 
105 |a a j 001zy 
200 1 |a Математика в примерах и задачах  |e учебное пособие  |f Л. Н. Журбенко [и др.] 
210 |a Москва  |c Инфра-М  |d 2009 
215 |a 373 с.  |c ил. 
225 1 |a Высшее образование 
320 |a Библиогр.: с. 363. 
330 |a Учебное пособие для студентов технических высших учебных заведений, обучающихся по программе бакалавров в соответствии с государственными образовательными стандартами высшего профессионального образования. 
606 1 |a Математика  |2 stltpush  |3 (RuTPU)RU\TPU\subj\67327  |9 83171 
610 1 |a учебные пособия 
610 1 |a примеры 
610 1 |a задачи 
610 1 |a линейная алгебра 
610 1 |a аналитическая геометрия 
610 1 |a векторная алгебра 
610 1 |a математический анализ 
610 1 |a функции 
610 1 |a дифференциальное исчисление 
610 1 |a функции одной переменной 
610 1 |a функции нескольких переменных 
610 1 |a комплексные числа 
610 1 |a функции комплексного переменного 
610 1 |a интегральное исчисление 
610 1 |a обыкновенные дифференциальные уравнения 
610 1 |a интегрирование 
610 1 |a векторный анализ 
610 1 |a числовые ряды 
610 1 |a функциональные ряды 
610 1 |a математическая физика 
610 1 |a теория вероятностей 
610 1 |a математическая статистика 
610 1 |a дискретная математика 
675 |a 51(076)  |v 3 
701 1 |a Журбенко  |b Л. Н.  |g Лариса Никитична 
701 1 |a Нуриева  |b С. Н.  |g Серафима Наилевна 
701 1 |a Дегтярева  |b О. М.  |g Ольга Михайловна 
701 1 |a Никонова  |b Г. А.  |g Галина Анатольевна 
801 1 |a RU  |b 63413507  |c 20090512  |g PSBO 
801 2 |a RU  |b 63413507  |c 20120216  |g RCR 
942 |c BK 
959 |a 58/20090508  |d 1  |e 272,90  |f ЧЗТЛ:1